[Event "Torquay Morning Thynne op"]
[Site "Torquay"]
[Date "2019.09.02"]
[Round "1"]
[White "Brooke, John1111"]
[Black "Miles, Barry S"]
[Result "0-1"]
[WhiteElo "1622"]
[BlackElo "1485"]
[PlyCount "143"]
[EventDate "2019.09.02"]
[EventType "swiss"]
[EventRounds "5"]
[EventCountry "ENG"]
[SourceTitle "CBM 195 Extra"]
[Source "ChessBase"]
[SourceDate "2020.05.31"]
[SourceVersion "1"]
[SourceVersionDate "2020.05.31"]
[SourceQuality "1"]

1. d4 d5 2. c4 e6 3. Nc3 Nf6 4. Bg5 Be7 5. e3 Nbd7 6. Nf3 0-0 7. Qc2 h6 8. h4 Nh7 9. Bxe7 Qxe7 10. cxd5 Ndf6 11. Bd3 Rd8 12. Ng5 g6 13. Nxh7 Nxh7 14. h5 Kg7 15. hxg6 fxg6 16. Bxg6 Nf8 17. Be4 Qf7 18. 0-0-0 exd5 19. Bd3 Rd6 20. Rh4 Rf6 21. f3 Ng6 22. Bxg6 Rxg6 23. b3 c6 24. Kb2 Qe7 25. e4 Qxh4 26. exd5 cxd5 27. Nxd5 Rc6 28. Qe2 Re6 29. Qc2 Qd8 30. Nf4 Rd6 31. Qe4 Qd7 32. Qe5+ Kh7 33. g4 Rc6 34. d5 Rd6 35. Nh5 b6 36. Nf6+ Rxf6 37. Qxf6 Qg7 38. Qxg7+ Kxg7 39. Kc3 Bb7 40. f4 Rc8+ 41. Kb4 Kf6 42. Rd4 Rc5 43. d6 Rd5 44. Rxd5 Bxd5 45. Kc3 Ke6 46. Kd4 Kxd6 47. g5 h5 48. f5 h4 49. f6 Bf7 50. Ke4 h3 51. Kf3 Ke6 52. Kg3 h2 53. Kxh2 Kf5 54. Kg3 Kxg5 55. Kf3 Kxf6 56. Ke4 Ke6 57. Kd4 Kd6 58. Kc3 Kc5 59. a3 a5 60. Kb2 b5 61. Kc3 Be6 62. b4+ axb4+ 63. axb4+ Kd5 64. Kb3 Kd4+ 65. Kb2 Kc4 66. Ka3 Bf5 67. Kb2 Kxb4 68. Ka2 Kc3 69. Ka1 b4 70. Ka2 b3+ 71. Ka1 b2+ 72. Ka2 0-1

[Event "Torquay Paignton Walker op"]
[Site "Torquay"]
[Date "2018.09.05"]
[Round "4"]
[White "Miles, Barry S"]
[Black "Constable, Christine F"]
[Result "1-0"]
[WhiteElo "115"]
[BlackElo "101"]
[PlyCount "47"]
[EventDate "2018.09.02"]
[EventType "swiss"]
[EventRounds "7"]
[EventCountry "ENG"]
[SourceTitle "CBM 187 Extra"]
[Source "ChessBase"]
[SourceDate "2018.11.04"]
[SourceVersion "1"]
[SourceVersionDate "2018.11.04"]
[SourceQuality "1"]

1. d4 Nf6 2. c4 g6 3. Nc3 Bg7 4. Nf3 d6 5. e4 0-0 6. Be2 a5 7. 0-0 Na6 8. h3 e5 9. dxe5 dxe5 10. Be3 Bd7 11. Qc2 Nh5 12. Rfd1 Qc8 13. Nd5 Kh8 14. a3 f5 15. exf5 Bxf5 16. Qb3 Bxh3 17. gxh3 Qxh3 18. Ng5 Qf5 19. Qd3 Qc8 20. Bxh5 h6 21. Ne7 Qb8 22. Nxg6+ Kg8 23. Qd5+ Rf7 24. Qxf7# 1-0

[Event "GBR-ch U120 op 105th"]
[Site "Hull"]
[Date "2018.08.03"]
[Round "5"]
[White "Archer, David J"]
[Black "Miles, Barry S"]
[Result "0-1"]
[WhiteElo "104"]
[BlackElo "1459"]
[PlyCount "100"]
[EventDate "2018.07.30"]
[EventType "swiss"]
[EventRounds "5"]
[EventCountry "ENG"]
[SourceTitle "EXT 2021"]
[Source "ChessBase"]
[SourceDate "2020.10.23"]
[SourceVersion "1"]
[SourceVersionDate "2020.10.23"]
[SourceQuality "1"]

1. d4 d5 2. Nf3 e6 3. e3 Nf6 4. Bd3 Bd6 5. Nbd2 0-0 6. 0-0 Nbd7 7. Re1 e5 8. e4 dxe4 9. Nxe4 Nxe4 10. Bxe4 exd4 11. Bxh7+ Kxh7 12. Ng5+ Kg8 13. Qh5 Nf6 14. Qd1 Bf5 15. Nf3 c5 16. Bg5 Re8 17. Rxe8+ Qxe8 18. Bxf6 gxf6 19. Qd2 Qf8 20. Nh4 Bg6 21. Re1 Re8 22. Rf1 Kg7 23. Qd1 Qh8 24. g3 Qh5 25. Qxh5 Bxh5 26. Nf5+ Kg6 27. Nxd6 Re7 28. f3 f5 29. h3 Kg5 30. h4+ Kg6 31. Kg2 Rd7 32. Nc4 Rd5 33. Re1 b5 34. Ne5+ Kf6 35. Nd3 Bg6 36. Nf4 Rd8 37. h5 Bh7 38. Rh1 c4 39. g4 fxg4 40. fxg4 Bxc2 41. Rf1 Kg7 42. g5 d3 43. h6+ Kg8 44. Nh5 d2 45. Nf6+ Kh8 46. Nd5 d1Q 47. Rxd1 Bxd1 48. Nf6 Bc2 49. Kg3 Bg6 50. Kf4 Rd2 0-1

[Event "GBR-ch U1750 op 105th"]
[Site "Hull"]
[Date "2018.08.01"]
[Round "3"]
[White "Harris, Richard J"]
[Black "Miles, Barry S"]
[Result "1-0"]
[WhiteElo "1697"]
[BlackElo "1459"]
[PlyCount "67"]
[EventDate "2018.07.30"]
[EventType "swiss"]
[EventRounds "5"]
[EventCountry "ENG"]
[SourceTitle "EXT 2021"]
[Source "ChessBase"]
[SourceDate "2020.10.23"]
[SourceVersion "1"]
[SourceVersionDate "2020.10.23"]
[SourceQuality "1"]

1. e4 c5 2. Nc3 e6 3. f4 g6 4. Nf3 Nc6 5. Bb5 Bg7 6. Bxc6 bxc6 7. d3 Ne7 8. 0-0 0-0 9. e5 d6 10. exd6 Qxd6 11. Ne4 Qc7 12. Qe1 Nf5 13. Kh1 Nd4 14. Qf2 Ba6 15. Nxc5 Nxf3 16. Nxa6 Qa5 17. Qxf3 Qxa6 18. c3 Rab8 19. Rf2 Rb5 20. d4 Rfb8 21. b4 Rd5 22. Qe2 Qb5 23. c4 Qxb4 24. cxd5 Bxd4 25. Bd2 Qb2 26. Raf1 Bxf2 27. Qxf2 Qxa2 28. dxc6 Rc8 29. Rc1 Qd5 30. c7 a6 31. Be3 Kf8 32. Qc2 Ke8 33. Qa4+ Kf8 34. Rd1 1-0

[Event "London Classic op U1750 9th"]
[Site "London"]
[Date "2017.12.06"]
[Round "3"]
[White "Yim, Jay"]
[Black "Miles, Barry S"]
[Result "0-1"]
[WhiteElo "1003"]
[BlackElo "1511"]
[PlyCount "76"]
[EventDate "2017.12.04"]
[EventType "swiss"]
[EventRounds "5"]
[EventCountry "ENG"]
[SourceTitle "CBM 182 Extra"]
[Source "ChessBase"]
[SourceDate "2018.02.23"]
[SourceVersion "1"]
[SourceVersionDate "2018.02.23"]
[SourceQuality "1"]

1. e4 c5 2. c3 Nc6 3. Nf3 e6 4. d4 cxd4 5. cxd4 d6 6. Bb5 Bd7 7. Nc3 a6 8. Ba4 b5 9. Bb3 Qc7 10. 0-0 Nf6 11. Re1 Be7 12. e5 Ng4 13. h3 Nh6 14. Bf4 d5 15. Qd2 Nf5 16. Nxd5 Qa7 17. Nxe7 Nfxe7 18. Rac1 0-0 19. Bh6 Nf5 20. Bf4 Ncxd4 21. Nxd4 Nxd4 22. Re4 Nxb3 23. axb3 Qb7 24. Rce1 Bc6 25. Rd4 Bd5 26. Bh6 f5 27. Qg5 Kh8 28. Re3 gxh6 29. Qxh6 Rg8 30. g4 Rg6 31. Qh5 Qe7 32. Rg3 Qg7 33. g5 Rc8 34. Kf1 Rc1+ 35. Ke2 Qxe5+ 36. Kd3 Be4+ 37. Rxe4 Qxe4+ 38. Kd2 Rc2+ 0-1

[Event "GBR-ch U1750 op 104th"]
[Site "Llandudno"]
[Date "2017.07.31"]
[Round "1"]
[White "Miles, Barry S"]
[Black "Wood, Michael"]
[Result "1/2-1/2"]
[WhiteElo "1502"]
[BlackElo "1660"]
[PlyCount "75"]
[EventDate "2017.07.31"]
[EventType "swiss"]
[EventRounds "5"]
[EventCountry "WLS"]
[SourceTitle "EXT 2019"]
[Source "ChessBase"]
[SourceDate "2018.10.10"]
[SourceVersion "1"]
[SourceVersionDate "2018.10.10"]
[SourceQuality "1"]

1. d4 d5 2. c4 e6 3. Nc3 Nf6 4. Nf3 c6 5. e3 Be7 6. Bd3 dxc4 7. Bxc4 Nbd7 8. Qc2 Nd5 9. a3 Nxc3 10. bxc3 Nf6 11. 0-0 0-0 12. Bb2 Bd7 13. Bd3 h6 14. Rac1 Bd6 15. e4 Bc7 16. Rcd1 Qb8 17. e5 Nd5 18. Bc1 f5 19. exf6 Nxf6 20. h3 Qd8 21. Ne5 Bxe5 22. dxe5 Nd5 23. Be4 Qh4 24. c4 Nb6 25. Be3 Rfd8 26. Rd4 Qe7 27. Rd3 Be8 28. Rfd1 Rxd3 29. Rxd3 c5 30. Rd6 Rc8 31. Qd3 Rc7 32. Bf3 Rc8 33. Bg4 Bf7 34. Bd1 Qc7 35. Bc2 g6 36. Bxh6 Qe7 37. a4 Qh4 38. Be3 1/2-1/2

[Event "London Golders Green op U1900 5th"]
[Site "London"]
[Date "2015.01.18"]
[Round "5"]
[White "Miles, Barry S"]
[Black "Bovtramovics, Vladimirs"]
[Result "0-1"]
[WhiteElo "1486"]
[BlackElo "1790"]
[PlyCount "60"]
[EventDate "2015.01.17"]
[EventType "swiss"]
[EventRounds "5"]
[EventCountry "ENG"]
[SourceTitle "EXT 2018"]
[Source "ChessBase"]
[SourceDate "2017.10.13"]
[SourceVersion "1"]
[SourceVersionDate "2017.10.13"]
[SourceQuality "1"]

1. d4 Nf6 2. c4 e5 3. dxe5 Ng4 4. Nf3 Bc5 5. e3 Nc6 6. a3 a5 7. Be2 0-0 8. Nc3 Ncxe5 9. h3 Nxf3+ 10. Bxf3 Ne5 11. Be2 Ra6 12. 0-0 Rg6 13. Ne4 Ba7 14. b4 Qh4 15. Ng3 Nxc4 16. Bg4 d6 17. Bxc8 Rxc8 18. Qf3 d5 19. bxa5 c6 20. Rb1 Nxa5 21. Rb4 Qe7 22. Ra4 Bb6 23. Bd2 Nc4 24. Bb4 c5 25. Bc3 Qd7 26. Qf5 Qe8 27. Nh5 Rd8 28. Nf6+ gxf6 29. Bxf6 Rd6 30. Bh4 Qxa4 0-1

[Event "Brighton e2e4 Major-D"]
[Site "Brighton"]
[Date "2012.02.17"]
[Round "4"]
[White "Homer, Neil S"]
[Black "Miles, Barry S"]
[Result "0-1"]
[WhiteElo "1628"]
[BlackElo "1633"]
[PlyCount "114"]
[EventDate "2012.02.15"]
[EventType "tourn"]
[EventRounds "9"]
[EventCountry "ENG"]
[SourceTitle "EXT 2014"]
[Source "ChessBase"]
[SourceDate "2013.11.20"]
[SourceVersion "1"]
[SourceVersionDate "2013.11.20"]
[SourceQuality "1"]

1. Nf3 Nc6 2. d4 d5 3. c4 Nf6 4. Nc3 e6 5. Bg5 Be7 6. e3 0-0 7. Be2 b6 8. 0-0 h6 9. Bxf6 Bxf6 10. cxd5 exd5 11. Rc1 Na5 12. b3 Nb7 13. b4 a5 14. b5 Be6 15. a4 Qe7 16. e4 dxe4 17. Nxe4 Rac8 18. Nxf6+ Qxf6 19. Ne5 Rfd8 20. Nc6 Rd7 21. Bg4 Nd8 22. Bxe6 Nxe6 23. Qg4 Qf4 24. Qxf4 Nxf4 25. Rcd1 Nd5 26. Rfe1 Kf8 27. Rc1 Ne7 28. Nxe7 Rxe7 29. Rxe7 Kxe7 30. Kf1 Kd6 31. Ke2 Kd5 32. Kd3 f5 33. Rc6 h5 34. h4 Rg8 35. Rxc7 g5 36. hxg5 Rxg5 37. g3 Rg4 38. Kc3 h4 39. gxh4 Rxh4 40. Re7 Rf4 41. Rb7 Rxf2 42. Rxb6 Rf3+ 43. Kd2 Ra3 44. Rb8 Rxa4 45. Rd8+ Ke4 46. b6 Rb4 47. Rd6 a4 48. Kc3 Rb1 49. b7 Rxb7 50. Ra6 Rb3+ 51. Kc2 Rb4 52. Kc3 Rxd4 53. Ra8 Rd3+ 54. Kc2 Rd4 55. Kc3 Ke3 56. Re8+ Re4 57. Rf8 f4 0-1

[Event "Yeovil Minor op"]
[Site "Yeovil"]
[Date "2007.06.16"]
[Round "3"]
[White "Turner, Matthew"]
[Black "Miles, Barry S"]
[Result "0-1"]
[WhiteElo "2489"]
[BlackElo "1508"]
[PlyCount "44"]
[EventDate "2007.06.15"]
[EventType "swiss"]
[EventRounds "5"]
[EventCountry "ENG"]
[SourceTitle "CBM 119 Extra"]
[Source "ChessBase"]
[SourceDate "2007.09.04"]
[SourceVersion "1"]
[SourceVersionDate "2007.09.04"]
[SourceQuality "1"]

1. e4 c5 2. Nf3 e6 3. Nc3 Nc6 4. d4 cxd4 5. Nxd4 a6 6. b3 Nf6 7. Bb2 Bb4 8. Nxc6 bxc6 9. Bd3 Qa5 10. Qd2 d5 11. a3 Be7 12. b4 Qc7 13. 0-0 0-0 14. Qe3 Ng4 15. Qh3 e5 16. exd5 g6 17. Qg3 f5 18. f4 exf4 19. Qxf4 Bd6 20. Bc4 Qb6+ 21. Kh1 Bxf4 22. d6+ Rf7 0-1